[Event "Copenhagen Chess Challenge 2020 - GM"]
[Site "Ballerup"]
[Date "2020.07.24"]
[Round "5"]
[White "Johansson, Linus"]
[Black "Grandelius, Nils"]
[Result "1/2-1/2"]
[WhiteElo "2491"]
[BlackElo "2651"]
[EventDate "2020.07.22"]
[EventRounds "9"]
[EventType "tourn"]
[EventCountry "DEN"]
[WhiteFideId "1711113"]
[BlackFideId "1710400"]

1. d4 d5 2. c4 e6 3. Nc3 c5 4. e3 Nf6 5. Nf3 a6 6. a4 Nc6 7. Bd3 dxc4 8. Bxc4 Be7 9. O-O O-O 10. Ne5 cxd4 11. Nxc6 bxc6 12. exd4 Bb7 13. Bf4 c5 14. dxc5 Bxc5 15. Qxd8 Rfxd8 16. Rfd1 h6 17. h3 Kf8 18. Be2 Ke7 19. Be5 Rxd1+ 20. Rxd1 Rc8 21. Kf1 g5 22. Bxf6+ Kxf6 23. Rd7 Bc6 24. Bxa6 Ra8 25. Bb7 Bxd7 26. Bxa8 Ke5 27. Bb7 Bd4 28. a5 Kd6 29. a6 Kc7 30. Ke2 Kb6 31. f3 f5 32. Kd3 Bf2 33. g4 Bb5+ 34. Nxb5 Kxb5 35. Bc8 Kb6 36. Bxe6 fxg4 37. Bxg4 Kxa6 38. Kc4 Bg3 39. Bh5 Ka5 40. Bf7 Be5 41. b3 Bg3 42. Kd4 Kb4 43. Ke4 Be1 44. Kf5 Bf2 45. Kg4 Kc3 46. Kh5 Be3 47. Be6 Bd2 48. Kg4 Be1 49. Kh5 Bd2 50. h4 Kd4 51. Kg4 Ke5 52. Bc4 Kf6 53. h5 Ke5 54. Ba6 Be1 55. Bc8 Kf6 56. Kh3 Ke5 57. Kg2 Kd4 58. Kf1 Ba5 59. Ke2 Bb4 60. Bg4 Ba5 61. Kd1 Bb4 62. Kc2 Bd6 63. Kd2  1/2-1/2

[Event "Copenhagen Chess Challenge 2020 - GM"]
[Site "Ballerup"]
[Date "2020.07.25"]
[Round "6"]
[White "Boe Olsen, Filip"]
[Black "Johansson, Linus"]
[Result "0-1"]
[WhiteElo "2353"]
[BlackElo "2491"]
[EventDate "2020.07.22"]
[EventRounds "9"]
[EventType "tourn"]
[EventCountry "DEN"]
[WhiteFideId "1440640"]
[BlackFideId "1711113"]

1. d4 Nf6 2. c4 e6 3. Nf3 d5 4. g3 Be7 5. Bg2 O-O 6. Nc3 c6 7. O-O Ne4 8. Be3 Nxc3 9. bxc3 Nd7 10. Qd3 b6 11. cxd5 cxd5 12. Rfc1 a5 13. a4 Ba6 14. Qc2 b5 15. axb5 Bxb5 16. Rcb1 Bc4 17. Bf4 Qc8 18. e4 dxe4 19. Qxe4 Bd5 20. Qd3 Qc6 21. Rc1 Rfc8 22. Qe3 Nb6 23. Ne5 Qb7 24. Bxd5 Qxd5 25. Qd3 Nc4 26. Nxc4 Rxc4 27. Rcb1 a4 28. Bc1 Qc6 29. Bd2 h6 30. h4 Rc8 31. Ra2 Qd5 32. Rba1 a3 33. Qf1 Ra4 34. Qg2 Qb3 35. Qe4 Bf6 36. Qb1 Rb8 37. Qxb3 Rxb3 38. Bc1 Rxc3 39. Bxa3 Bxd4 40. Bb2 Rxa2 41. Rxa2 Rxg3+ 42. Kf1 Rg4 43. Ra4 e5 44. Bxd4 exd4 45. h5 Rg5 46. Rxd4 Rxh5 47. Kg2 Ra5 48. Rd7 g5 49. Kg3 Kg7 50. Rb7 Ra3+ 51. Kg2 Kg6 52. Rb4 h5 53. Rb6+ f6 54. Rb8 h4 55. Rb5 g4 56. Rc5 Ra2 57. Kg1 f5 58. Rc3 Kg5 59. Rb3 h3 60. Rb1 Kh4 61. Rc1 f4 62. Rc4 h2+ 63. Kg2 Rxf2+ 64. Kh1 g3  0-1

[Event "Copenhagen Chess Challenge 2020 - GM"]
[Site "Ballerup"]
[Date "2020.07.25"]
[Round "6"]
[White "Rostgaard, Tobias Valentin"]
[Black "Antonsen, Mikkel"]
[Result "0-1"]
[WhiteElo "2372"]
[BlackElo "2376"]
[EventDate "2020.07.22"]
[EventRounds "9"]
[EventType "tourn"]
[EventCountry "DEN"]
[WhiteFideId "1408801"]
[BlackFideId "1401378"]

1. Nf3 d5 2. g3 g6 3. Bg2 Bg7 4. O-O Nf6 5. d3 O-O 6. Nc3 d4 7. Nb5 Nc6 8. c4 e5 9. Na3 e4 10. dxe4 Nxe4 11. Ne1 Re8 12. Nd3 Bf5 13. Bf4 g5 14. Bc1 h6 15. Re1 Qe7 16. Nc2 Rad8 17. f3 Nc5 18. b3 Nxd3 19. exd3 Qd6 20. f4 Qg6 21. Bf1 gxf4 22. Bxf4 Ne5 23. Bxe5 Bxe5 24. Qf3 h5 25. Rad1 Bg4 26. Qxb7 Bxd1 27. Rxd1 h4 28. Rd2 Bf4 29. Rg2 h3 30. gxf4 hxg2 31. Qxg2 Qxg2+ 32. Kxg2 f5 33. Kf2 Kf7 34. Ne1 Kf6 35. Nf3 c5 36. h3 a5 37. Bg2 Re3 38. Bf1 a4  0-1

[Event "Copenhagen Chess Challenge 2020 - GM"]
[Site "Ballerup"]
[Date "2020.07.25"]
[Round "6"]
[White "Jacobsen, Mikkel Manosri"]
[Black "Thybo, Jesper Sondergaard"]
[Result "1/2-1/2"]
[WhiteElo "2316"]
[BlackElo "2590"]
[EventDate "2020.07.22"]
[EventRounds "9"]
[EventType "tourn"]
[EventCountry "DEN"]
[WhiteFideId "1444514"]
[BlackFideId "1438832"]

1. d4 Nf6 2. c4 e6 3. Nf3 Bb4+ 4. Nbd2 O-O 5. a3 Be7 6. e4 d6 7. Be2 Nfd7 8. O-O e5 9. d5 a5 10. b3 g6 11. Bb2 Qe8 12. b4 f5 13. c5 Nf6 14. Bc4 Nxe4 15. Re1 Nxd2 16. Qxd2 Bf6 17. Nd4 axb4 18. axb4 Rxa1 19. Bxa1 Kg7 20. f4 Qd8 21. fxe5 dxe5 22. Rxe5 Bxe5 23. Ne6+ Bxe6 24. Bxe5+ Kf7 25. dxe6+ Ke8 26. Qxd8+ Kxd8 27. b5 Re8 28. b6 Re7 29. bxc7+ Rxc7 30. e7+ Rxe7 31. Bxb8 Re1+ 32. Bf1 Rc1 33. Ba7 Rc2 34. Bd3 Rd2 35. Bc4 Ke7 36. Kf1 g5 37. Be2 g4 38. Kf2 Ra2 39. Bb8 Rc2 40. Ba7 f4 41. Ke1 h5 42. Kd1 Ra2 43. Bb8 Ra1+ 44. Kd2 Ra2+ 45. Kd1 Ra1+  1/2-1/2

[Event "Copenhagen Chess Challenge 2020 - GM"]
[Site "Ballerup"]
[Date "2020.07.25"]
[Round "6"]
[White "Grandelius, Nils"]
[Black "Haubro, Martin"]
[Result "1-0"]
[WhiteElo "2651"]
[BlackElo "2437"]
[EventDate "2020.07.22"]
[EventRounds "9"]
[EventType "tourn"]
[EventCountry "DEN"]
[WhiteFideId "1710400"]
[BlackFideId "1414291"]

1. d4 Nf6 2. c4 e6 3. Nc3 Bb4 4. f3 c5 5. d5 b5 6. e4 bxc4 7. Bxc4 exd5 8. Bxd5 Nxd5 9. Qxd5 Nc6 10. Nge2 Ba6 11. Kf2 O-O 12. Rd1 Ba5 13. Bg5 Qb6 14. Be3 Nb4 15. Qxc5 Qd8 16. Qd6 Bxe2 17. Kxe2 Nc2 18. Bc5 Qg5 19. Rac1 Rfc8 20. Bf2 Nb4 21. h4 Qd8 22. Qxd7 Qf8 23. a3  1-0

[Event "Copenhagen Chess Challenge 2020 - GM"]
[Site "Ballerup"]
[Date "2020.07.25"]
[Round "6"]
[White "Haldorsen, Benjamin"]
[Black "Hector, Jonny"]
[Result "0-1"]
[WhiteElo "2460"]
[BlackElo "2476"]
[EventDate "2020.07.22"]
[EventRounds "9"]
[EventType "tourn"]
[EventCountry "DEN"]
[WhiteFideId "1512633"]
[BlackFideId "1700090"]

1. Nf3 Nc6 2. d4 d5 3. g3 Bf5 4. Bg2 Nb4 5. Na3 e6 6. c3 Nc6 7. b4 a5 8. b5 Na7 9. Qa4 Nc8 10. Nd2 Nf6 11. O-O Be7 12. c4 O-O 13. Bb2 Bb4 14. Rad1 Qe7 15. c5 b6 16. cxb6 Nxb6 17. Qb3 a4 18. Qe3 Rfc8 19. h3 h5 20. Rc1 Ne4 21. Nxe4 dxe4 22. Rc6 Nd5 23. Qc1 Bg6 24. Nc4 a3 25. Ba1 f5 26. f3 exf3 27. Bxf3 Be8 28. Ra6 Bxb5 29. Rxa8 Rxa8 30. Bxh5 Bxc4 31. Qxc4 Qg5 32. g4 Qe3+ 33. Kg2 Qe4+  0-1

[Event "Copenhagen Chess Challenge 2020 - GM"]
[Site "Ballerup"]
[Date "2020.07.25"]
[Round "7"]
[White "Haubro, Martin"]
[Black "Boe Olsen, Filip"]
[Result "1/2-1/2"]
[WhiteElo "2437"]
[BlackElo "2353"]
[EventDate "2020.07.22"]
[EventRounds "9"]
[EventType "tourn"]
[EventCountry "DEN"]
[WhiteFideId "1414291"]
[BlackFideId "1440640"]

1. e4 c6 2. d4 d5 3. e5 Bf5 4. h4 h5 5. Bg5 Qb6 6. Bd3 Qxd4 7. Nf3 Qg4 8. O-O e6 9. Bxf5 Qxf5 10. c4 Be7 11. Qb3 b6 12. cxd5 Bxg5 13. Nxg5 cxd5 14. Nc3 Ne7 15. Nb5 O-O 16. Nc7 Nbc6 17. Nxa8 Rxa8 18. Qf3 Nxe5 19. Qxh5 N7g6 20. Qh7+ Kf8 21. Rac1 Qf4 22. g3 Qg4 23. Rc7 Rd8 24. Rfc1 d4 25. Rc8 Rxc8 26. Rxc8+ Ke7 27. Qg8 Qd1+ 28. Kh2 Kf6 29. Rc7 Ng4+ 30. Kh3 Nxf2+ 31. Kg2 Nf4+ 32. gxf4 Qg4+ 33. Kf1 Qd1+ 34. Kg2 Qg4+ 35. Kf1 Qd1+ 36. Kxf2 Qd2+ 37. Kg3 Qe1+ 38. Kg2  1/2-1/2

[Event "Copenhagen Chess Challenge 2020 - GM"]
[Site "Ballerup"]
[Date "2020.07.25"]
[Round "7"]
[White "Johansson, Linus"]
[Black "Rostgaard, Tobias Valentin"]
[Result "1-0"]
[WhiteElo "2491"]
[BlackElo "2372"]
[EventDate "2020.07.22"]
[EventRounds "9"]
[EventType "tourn"]
[EventCountry "DEN"]
[WhiteFideId "1711113"]
[BlackFideId "1408801"]

1. Nf3 Nf6 2. g3 g6 3. Bg2 Bg7 4. c4 O-O 5. O-O Nc6 6. d4 d6 7. Nc3 a6 8. e4 Bg4 9. h3 Bxf3 10. Bxf3 e5 11. d5 Nd4 12. Bg2 Nd7 13. Be3 c5 14. dxc6 bxc6 15. b4 Rb8 16. Rb1 c5 17. b5 Nb6 18. Qd3 Qd7 19. a4 axb5 20. axb5 Qe6 21. Nd5 Nxd5 22. exd5 Qd7 23. Ra1 f5 24. Ra6 e4 25. Qd2 f4 26. gxf4 Nf3+ 27. Bxf3 exf3 28. Kh2 Rf5 29. Rg1 Rbf8 30. b6 Qb7 31. Qa5 Rb8 32. Kg3 Bh6 33. Ra1 g5 34. Kh2 gxf4 35. Rg1+ Rg5 36. Rxg5+ Bxg5 37. Bc1 Qe7 38. Ra8 Qe2 39. Rxb8+ Kg7 40. Qd2  1-0

[Event "Copenhagen Chess Challenge 2020 - GM"]
[Site "Ballerup"]
[Date "2020.07.25"]
[Round "7"]
[White "Antonsen, Mikkel"]
[Black "Jacobsen, Mikkel Manosri"]
[Result "1-0"]
[WhiteElo "2376"]
[BlackElo "2316"]
[EventDate "2020.07.22"]
[EventRounds "9"]
[EventType "tourn"]
[EventCountry "DEN"]
[WhiteFideId "1401378"]
[BlackFideId "1444514"]

1. c4 c5 2. Nf3 Nc6 3. d4 cxd4 4. Nxd4 g6 5. e4 Bg7 6. Be3 Nf6 7. Nc3 Ng4 8. Qxg4 Nxd4 9. Qd1 Nc6 10. Qd2 Qa5 11. Be2 d6 12. Rc1 Bd7 13. O-O Rd8 14. a3 O-O 15. b4 Qxa3 16. b5 Nb8 17. f4 e6 18. Nb1 Qa1 19. Rc2 Qf6 20. Bxa7 Qe7 21. Rd1 d5 22. e5 Rc8 23. cxd5 exd5 24. Rxc8 Rxc8 25. Qxd5 Be6 26. Qf3 h5 27. h3 Nd7 28. Qxb7 Rc2 29. Bd3 Rb2 30. Be3 Qb4 31. Qf3 Nc5 32. Bxc5 Qxc5+ 33. Kh1 Rf2 34. Qc6 Qe3 35. Qe4 Qxe4 36. Bxe4 Rxf4 37. Re1 Bxe5 38. b6 Kg7 39. Nd2 Rf2 40. Rd1 g5 41. b7 g4 42. h4 Bb8 43. Bc6 f5 44. Nf1 f4 45. Kg1 Rb2 46. Nd2 Bf5 47. Nc4 Rc2 48. Bd5 Ba7+ 49. Kh1 Kf6 50. Nd6 Bd3 51. Re1 Be2 52. Nc8 Bb8 53. Nb6 Ke7 54. Be4 Rb2 55. Na4 Ra2 56. Nc3 Ra3 57. Nxe2 Re3 58. Bd5 Kd6 59. Rd1 Ke5 60. Bc4 f3 61. gxf3 gxf3 62. Ng3 Kf4 63. Nf1 Re4 64. Bd5 Re2 65. Bc6 Rf2 66. Nh2 Kg3 67. Nxf3 Kh3 68. Rg1 Bh2 69. Bd7#  1-0

[Event "Copenhagen Chess Challenge 2020 - GM"]
[Site "Ballerup"]
[Date "2020.07.25"]
[Round "7"]
[White "Thybo, Jesper Sondergaard"]
[Black "Haldorsen, Benjamin"]
[Result "0-1"]
[WhiteElo "2590"]
[BlackElo "2460"]
[EventDate "2020.07.22"]
[EventRounds "9"]
[EventType "tourn"]
[EventCountry "DEN"]
[WhiteFideId "1438832"]
[BlackFideId "1512633"]

1. d4 g6 2. c4 Bg7 3. e4 d6 4. Nc3 c5 5. d5 Bxc3+ 6. bxc3 e5 7. Bd3 Qe7 8. h4 h6 9. Ne2 Nd7 10. Ng3 Kd8 11. Nf1 Kc7 12. Ne3 Ngf6 13. g3 Nf8 14. Kf1 h5 15. Kg2 Ng4 16. Nxg4 hxg4 17. f3 gxf3+ 18. Qxf3 Nh7 19. Bd2 Bd7 20. Raf1 f6 21. g4 Raf8 22. Qg3 Rhg8 23. g5 f5 24. Qe1 f4 25. Kf3 Rg7 26. Rfg1 Bc8 27. Qc1 Rh8 28. Be1 Nxg5+ 29. hxg5 Rxh1 30. Rxh1 Qxg5 31. Bh4 Qg4+ 32. Kf2 g5 33. Qg1 gxh4 34. Qxg4 Rxg4 35. Be2 Rg3 36. Rxh4 Rh3 37. Rxh3 Bxh3 38. Bf3 Kd8 39. Bd1 Ke7 40. Be2 Kf6 41. Bd1 Kg5  0-1

[Event "Copenhagen Chess Challenge 2020 - GM"]
[Site "Ballerup"]
[Date "2020.07.25"]
[Round "7"]
[White "Hector, Jonny"]
[Black "Grandelius, Nils"]
[Result "0-1"]
[WhiteElo "2476"]
[BlackElo "2651"]
[EventDate "2020.07.22"]
[EventRounds "9"]
[EventType "tourn"]
[EventCountry "DEN"]
[WhiteFideId "1700090"]
[BlackFideId "1710400"]

1. e4 c6 2. d4 d5 3. e5 c5 4. Nf3 cxd4 5. Nxd4 Nc6 6. c4 e6 7. Nc3 Bb4 8. Be2 Nge7 9. Nxc6 bxc6 10. Bd2 O-O 11. O-O Rb8 12. cxd5 cxd5 13. Rc1 Ng6 14. f4 d4 15. Ne4 d3 16. Bf3 Qd4+ 17. Rf2 Bxd2 18. Qxd2 Bb7 19. Nd6 Bxf3 20. Rc4 Qb6 21. gxf3 f6 22. Re4 fxe5 23. Nc4 Qc5 24. Nxe5 Nxe5 25. Rxe5 Qd6 26. Qe3 Rf6 27. Rd2 Rd8 28. Kf2 h6 29. h4 Qc6 30. h5 Rdf8 31. Re4 Qd5 32. Rxd3 Qxh5 33. Ke2 Rg6 34. Kd1 Qh1+ 35. Kc2 Rg2+ 36. Kb3 Qh2 37. Rxe6 Rxb2+ 38. Kc4 Qc2+ 39. Kd4 Rd8+ 40. Ke4 Qc4+  0-1

[Event "Copenhagen Chess Challenge 2020 - GM"]
[Site "Ballerup"]
[Date "2020.07.26"]
[Round "8"]
[White "Boe Olsen, Filip"]
[Black "Hector, Jonny"]
[Result "1-0"]
[WhiteElo "2353"]
[BlackElo "2476"]
[EventDate "2020.07.22"]
[EventRounds "9"]
[EventType "tourn"]
[EventCountry "DEN"]
[WhiteFideId "1440640"]
[BlackFideId "1700090"]

1. d4 d5 2. c4 c6 3. Nf3 Nf6 4. cxd5 cxd5 5. Nc3 Nc6 6. Bf4 Bf5 7. e3 e6 8. Qb3 Bb4 9. Bb5 Bxc3+ 10. Qxc3 O-O 11. Bxc6 Rc8 12. Ne5 Nh5 13. Qa3 bxc6 14. Rc1 Nxf4 15. exf4 Rc7 16. O-O f6 17. Nxc6 Qd7 18. Qc5 Re8 19. Rfe1 a5 20. a3 a4 21. Ne5 Rxc5 22. Nxd7 Rxc1 23. Rxc1 e5 24. Nc5 exd4 25. f3 h5 26. Rd1 Rc8 27. Nxa4 d3 28. Nc3 Rc5 29. a4 g5 30. fxg5 fxg5 31. Na2 Rc2 32. Nb4 Rxb2 33. Nxd3 Ra2 34. Nb4 Rxa4 35. Rxd5 Bg6 36. Rxg5 Kg7 37. Rb5 Ra1+ 38. Kf2 Rb1 39. Kg3 Rb2 40. h4 Kh6 41. Rb6 Rd2 42. Rc6 Kg7 43. Rc5 Bf7 44. Nc6 Kf6 45. Ne5 Be6 46. Nc4 Rd3 47. Nb2 Rd2 48. Na4 Bf5 49. Nc3  1-0

[Event "Copenhagen Chess Challenge 2020 - GM"]
[Site "Ballerup"]
[Date "2020.07.26"]
[Round "8"]
[White "Rostgaard, Tobias Valentin"]
[Black "Haubro, Martin"]
[Result "1/2-1/2"]
[WhiteElo "2372"]
[BlackElo "2437"]
[EventDate "2020.07.22"]
[EventRounds "9"]
[EventType "tourn"]
[EventCountry "DEN"]
[WhiteFideId "1408801"]
[BlackFideId "1414291"]

1. d4 Nf6 2. Nf3 d5 3. Bf4 c5 4. e3 Nc6 5. Nbd2 cxd4 6. exd4 Bf5 7. c3 e6 8. Qb3 Qc8 9. Nh4 Bg4 10. f3 Bh5 11. g4 Bg6 12. Nxg6 hxg6 13. Bd3 Qd7 14. O-O-O O-O-O 15. Qa4 Bd6 16. Bxd6 Qxd6 17. Bb5 Kb8 18. Bxc6 Qxc6 19. Qxc6 bxc6 20. h4 Rh7 21. Rh2 g5 22. h5 g6 23. h6 Rdh8 24. Rdh1 Ng8 25. Nb3 Rxh6 26. Rxh6 Rxh6 27. Rxh6 Nxh6 28. Nc5 Kc7 29. a4 Kd6 30. Nd3 f6 31. Kd2 Nf7 32. Ke2 Nd8 33. a5 e5 34. Nc5 Ne6 35. Nxe6 Kxe6 36. Ke3 Kd6 37. Kd3 Kc7 38. c4 Kd6 39. dxe5+ fxe5 40. b4 Kc7 41. Kc3 Kb7 42. cxd5 cxd5 43. b5 Kc7 44. Kb3 Kd7 45. Kc3 d4+ 46. Kb3 Kc7 47. Kb4 Kd7  1/2-1/2

[Event "Copenhagen Chess Challenge 2020 - GM"]
[Site "Ballerup"]
[Date "2020.07.26"]
[Round "8"]
[White "Jacobsen, Mikkel Manosri"]
[Black "Johansson, Linus"]
[Result "0-1"]
[WhiteElo "2316"]
[BlackElo "2491"]
[EventDate "2020.07.22"]
[EventRounds "9"]
[EventType "tourn"]
[EventCountry "DEN"]
[WhiteFideId "1444514"]
[BlackFideId "1711113"]

1. d4 Nf6 2. c4 e6 3. Nf3 b6 4. g3 Bb7 5. Bg2 Be7 6. O-O O-O 7. Re1 Na6 8. Bf4 d6 9. Nc3 Ne4 10. Qc2 Nxc3 11. Ng5 Nxe2+ 12. Rxe2 Bxg5 13. Bxg5 Qc8 14. Bh3 Qe8 15. d5 e5 16. Bf5 h6 17. Bxh6 gxh6 18. Re4 Kg7 19. Rg4+ Kf6 20. f4 Ke7 21. fxe5 dxe5 22. Re1 Kd8 23. Qc3 Qe7 24. Rxe5 Qd6 25. Rf4 Bc8 26. Bc2 Bd7 27. a3 Kc8 28. b4 Kb7 29. c5 bxc5 30. bxc5 Qxc5+ 31. Qxc5 Nxc5 32. Rc4 Na6 33. d6 Rae8 34. Be4+ Kb6 35. Rxe8 Rxe8  0-1

[Event "Copenhagen Chess Challenge 2020 - GM"]
[Site "Ballerup"]
[Date "2020.07.26"]
[Round "8"]
[White "Thybo, Jesper Sondergaard"]
[Black "Antonsen, Mikkel"]
[Result "1-0"]
[WhiteElo "2590"]
[BlackElo "2376"]
[EventDate "2020.07.22"]
[EventRounds "9"]
[EventType "tourn"]
[EventCountry "DEN"]
[WhiteFideId "1438832"]
[BlackFideId "1401378"]

1. Nf3 c5 2. c4 Nc6 3. d4 cxd4 4. Nxd4 Nf6 5. Nc3 e6 6. g3 Qb6 7. Nb3 Ne5 8. e4 Bb4 9. c5 Bxc5 10. Nxc5 Qxc5 11. Be3 Qc6 12. Rc1 Nfg4 13. Bd4 Qd6 14. Be2 a6 15. f4 Nc6 16. Bxg7 Qxd1+ 17. Nxd1 Rg8 18. Bc3 d5 19. Bxg4 Rxg4 20. Ne3 Rg6 21. exd5 Ne7 22. O-O Nxd5 23. f5 Nxe3 24. fxg6 hxg6 25. Rf4 g5 26. Re4 Nd5 27. Bd2 f6 28. h4 gxh4 29. Rxh4 Kd7 30. Rh7+ Kd6 31. Rh8 Kd7 32. g4 b6 33. Kf2 Ne7 34. Rh7 Ke8 35. Rc7  1-0

[Event "Copenhagen Chess Challenge 2020 - GM"]
[Site "Ballerup"]
[Date "2020.07.26"]
[Round "8"]
[White "Haldorsen, Benjamin"]
[Black "Grandelius, Nils"]
[Result "0-1"]
[WhiteElo "2460"]
[BlackElo "2651"]
[EventDate "2020.07.22"]
[EventRounds "9"]
[EventType "tourn"]
[EventCountry "DEN"]
[WhiteFideId "1512633"]
[BlackFideId "1710400"]

1. c4 Nf6 2. g3 c6 3. Nf3 d5 4. b3 Bg4 5. Bg2 e6 6. O-O Bd6 7. Bb2 Nbd7 8. d3 O-O 9. h3 Bh5 10. Nc3 dxc4 11. dxc4 Qc7 12. Qd2 Rad8 13. Rad1 Bb4 14. Nb5 Bxd2 15. Nxc7 Ba5 16. Ba3 Bxc7 17. Bxf8 Kxf8 18. g4 Bg6 19. Nh4 a5 20. Nxg6+ hxg6 21. a3 g5 22. b4 Ke7 23. e3 Ra8 24. Rb1 axb4 25. axb4 Ra4 26. Rfc1 Ne5 27. Rb3 Kd7 28. Rd1+ Kc8 29. Rc1 Bd6 30. c5 Be7 31. Rcb1 Nd5 32. Bxd5 cxd5 33. Kg2 Kc7 34. Rc1 Nc4 35. Rc2 Kc6 36. e4 Bf6 37. exd5+ exd5 38. Re2 Be5 39. h4 gxh4 40. f4 Bxf4 41. Re7 Ra2+ 42. Kg1 Ne5 43. b5+ Kxc5 44. Rxb7 Kc4  0-1

[Event "Copenhagen Chess Challenge 2020 - GM"]
[Site "Ballerup"]
[Date "2020.07.26"]
[Round "9"]
[White "Grandelius, Nils"]
[Black "Boe Olsen, Filip"]
[Result "1-0"]
[WhiteElo "2651"]
[BlackElo "2353"]
[EventDate "2020.07.22"]
[EventRounds "9"]
[EventType "tourn"]
[EventCountry "DEN"]
[WhiteFideId "1710400"]
[BlackFideId "1440640"]

1. c4 e6 2. Nf3 Nf6 3. d4 d5 4. Bg5 c6 5. e3 Nbd7 6. Nbd2 Be7 7. Bd3 h6 8. Bh4 b6 9. O-O Bb7 10. cxd5 exd5 11. Ne5 Nxe5 12. dxe5 Ne4 13. Bxe7 Qxe7 14. Bxe4 dxe4 15. Nxe4 O-O 16. Qh5 f5 17. Nd6 Ba6 18. Nxf5 Qg5 19. Qxg5 hxg5 20. Ne7+ Kf7 21. Nxc6 Bxf1 22. Kxf1 Rh8 23. Rd1 Rxh2 24. Rd7+ Ke6 25. Rxg7 Rh1+ 26. Ke2 Rb1 27. e4 Rxb2+ 28. Ke3 Re8 29. Nd4+ Kxe5 30. Rg6  1-0

[Event "Copenhagen Chess Challenge 2020 - GM"]
[Site "Ballerup"]
[Date "2020.07.26"]
[Round "9"]
[White "Hector, Jonny"]
[Black "Rostgaard, Tobias Valentin"]
[Result "1/2-1/2"]
[WhiteElo "2476"]
[BlackElo "2372"]
[EventDate "2020.07.22"]
[EventRounds "9"]
[EventType "tourn"]
[EventCountry "DEN"]
[WhiteFideId "1700090"]
[BlackFideId "1408801"]

1. e4 e5 2. Nf3 Nc6 3. Bc4 Bc5 4. c3 Nf6 5. d4 exd4 6. cxd4 Bb4+ 7. Nbd2 Nxe4 8. d5 Nxd2 9. Bxd2 Bxd2+ 10. Qxd2 Ne7 11. d6 cxd6 12. Qxd6 O-O 13. O-O-O Nf5 14. Qf4 d6 15. Rhe1 Be6 16. Kb1 Bxc4 17. Qxc4 Qf6 18. Qe4 h6 19. Rd5 g6 20. Qd3 Rfe8 21. Rd1 Re6 22. g4 Ne7 23. Rb5 b6 24. g5 hxg5 25. Nxg5 Re5 26. Ne4 Qf5 27. Rxe5 dxe5 28. Rg1 Nc6 29. Qd5 Rc8 30. Rg5 Ne7 31. Rxf5 Nxd5 32. Rxe5 Nf4 33. Re7 Nd3 34. Nc3 a6 35. f3 b5 36. Kc2 Nc5 37. Nd5 Ne6+ 38. Kb1 Rd8 39. Nf6+ Kg7 40. Ng4 Rd5 41. Ra7 Nc5 42. b4 Na4 43. Rxa6 Rd2 44. a3 Rb2+ 45. Kc1 Rb3 46. Ne5 f6 47. Nc6 Rxa3 48. Nd4 Rc3+ 49. Kd2 Rc4 50. Nxb5 Rxb4 51. Nd6 f5 52. Ke3 Nc5 53. Rc6 f4+ 54. Kd2 Ne6 55. Ne4 Kf7 56. Kc3 Rb1 57. Ra6 Rf1 58. Kc4 Rc1+ 59. Kd3 Rd1+ 60. Ke2 Rh1 61. Ra7+ Kf8 62. Rh7 Nd4+ 63. Kf2 Ra1 64. Ng5 Ra2+ 65. Kg1 Kg8 66. Rd7 Nf5 67. Rd8+ Kg7 68. Ne6+ Kf6 69. Nxf4 Nh4 70. Rd3 Kf5 71. Nd5 Ke5 72. Nc3 Rg2+ 73. Kh1 Rc2 74. Re3+ Kf5 75. Ne2 Rd2 76. Kg1 g5 77. Kf2 Kf6 78. Re4 Rd3 79. Nd4 Rd2+ 80. Ne2 Rd3 81. Re3 Rd2 82. Ra3 Nf5 83. Ra6+ Ke5 84. Ra4 Rb2 85. Re4+ Kf6 86. Kg2 Nd6 87. Re3 Nf5 88. Re8 Kf7 89. Re4 Nd6 90. Re3 Nf5 91. Re4  1/2-1/2

[Event "Copenhagen Chess Challenge 2020 - GM"]
[Site "Ballerup"]
[Date "2020.07.26"]
[Round "9"]
[White "Haubro, Martin"]
[Black "Jacobsen, Mikkel Manosri"]
[Result "1-0"]
[WhiteElo "2437"]
[BlackElo "2316"]
[EventDate "2020.07.22"]
[EventRounds "9"]
[EventType "tourn"]
[EventCountry "DEN"]
[WhiteFideId "1414291"]
[BlackFideId "1444514"]

1. e4 c6 2. d4 d5 3. e5 c5 4. dxc5 e6 5. a3 Bxc5 6. Qg4 Nc6 7. Qxg7 Qh4 8. Nf3 Qxf2+ 9. Kd1 Nd4 10. Nxd4 Qxd4+ 11. Nd2 Bd7 12. Qxh8 O-O-O 13. Qxh7 Qg4+ 14. Nf3  1-0

[Event "Copenhagen Chess Challenge 2020 - GM"]
[Site "Ballerup"]
[Date "2020.07.26"]
[Round "9"]
[White "Johansson, Linus"]
[Black "Thybo, Jesper Sondergaard"]
[Result "1-0"]
[WhiteElo "2491"]
[BlackElo "2590"]
[EventDate "2020.07.22"]
[EventRounds "9"]
[EventType "tourn"]
[EventCountry "DEN"]
[WhiteFideId "1711113"]
[BlackFideId "1438832"]

1. d4 Nf6 2. c4 e6 3. Nc3 Bb4 4. e3 O-O 5. Nge2 d5 6. a3 Be7 7. cxd5 exd5 8. b4 Re8 9. Ng3 c6 10. Bd3 b5 11. a4 Bxb4 12. Bd2 c5 13. dxc5 Bxc5 14. Bxb5 Bg4 15. Qb3 Rf8 16. O-O d4 17. Nce4 Nxe4 18. Nxe4 dxe3 19. Bxe3 Be6 20. Qc3 Bxe3 21. Qxe3 Qb6 22. Nc5 Bd5 23. Rfd1 Bc6 24. Rab1 Bxb5 25. axb5 a6 26. bxa6 Qg6 27. a7 Nc6 28. Ra1 h6 29. Nd7 Rfe8 30. Qc5 Red8 31. h3 Qe4 32. Rd6 Nxa7 33. Rxa7 Rxa7 34. Nf6+  1-0

[Event "Copenhagen Chess Challenge 2020 - GM"]
[Site "Ballerup"]
[Date "2020.07.26"]
[Round "9"]
[White "Antonsen, Mikkel"]
[Black "Haldorsen, Benjamin"]
[Result "0-1"]
[WhiteElo "2376"]
[BlackElo "2460"]
[EventDate "2020.07.22"]
[EventRounds "9"]
[EventType "tourn"]
[EventCountry "DEN"]
[WhiteFideId "1401378"]
[BlackFideId "1512633"]

1. d4 g6 2. e4 Bg7 3. c4 d6 4. Nc3 c5 5. d5 Bxc3+ 6. bxc3 e5 7. h4 h6 8. h5 Nd7 9. hxg6 fxg6 10. Be3 Qf6 11. Qd2 Qg7 12. g3 Ndf6 13. f3 g5 14. Bd3 Bd7 15. Ne2 O-O-O 16. O-O-O Ne7 17. Rh2 Kb8 18. Kb2 Nc8 19. a3 Nb6 20. Ka2 Be8 21. Rdh1 Bg6 22. Qc2 Rde8 23. g4 Ref8 24. Ng3 Ne8 25. Qg2 Nf6 26. Qc2 Rh7 27. a4 Rfh8 28. a5 Nc8 29. Qa4 Qd7 30. Qa3 h5 31. Bxg5 hxg4 32. Rxh7 Nxh7 33. f4 Nxg5 34. Rxh8 exf4 35. Ne2 f3 36. Ng3 Nf7 37. Rh2 Ne5 38. Bf1 a6 39. Ka1 Ne7 40. Rh8+ Nc8 41. Qb3 Kc7 42. Rh2 Qg7 43. Rb2 Kb8 44. Qd1 Qc7 45. Ra2 Ne7 46. Qc1 Ng8 47. Qe3 Ka7 48. Qg5 Qe7 49. Qf4 Qf6 50. Qc1 Qd8 51. Qf4 Nf6 52. Qg5 Qe7 53. Rb2 Nxd5 54. Qxe7 Nxe7 55. Rd2 Nf7 56. Kb2 Nc6 57. Kc1 Nxa5 58. Kd1 Kb6 59. Ke1 Kc7 60. Ra2 Nc6 61. Kf2 Nfe5 62. Ke3 Bf7 63. Kf4 Nxc4 64. Rh2 N4e5 65. Nf5 a5 66. Ne3 a4 67. Nc2 Bb3 68. Na3 Na5 69. Nb5+ Kc6 70. Rh6 Nac4 71. Nxd6 Nxd6 72. Kxe5 a3 73. Rxd6+ Kc7 74. Rh6 a2  0-1